[Event "Wroclaw"]
[Site "?"]
[Date "2020.08.27"]
[Round "8.5"]
[White "Zerebiec, Maurycy"]
[Black "Pacan-Milej, Kosma"]
[Result "1/2-1/2"]
[BlackElo "2113"]
[WhiteElo "1920"]
[LiveChessVersion "1.4.8"]

1. c4 {[%clk 0:03:03]} Nf6 {[%clk 0:03:03]} 2. Nc3 {[%clk 0:03:04]} c5
{[%clk 0:03:04]} 3. e4 {[%clk 0:03:04]} Nc6 {[%clk 0:02:51]} 4. g3
{[%clk 0:03:03]} d6 {[%clk 0:02:42]} 5. Bg2 {[%clk 0:03:03]} g6 {[%clk 0:02:43]}
6. Nge2 {[%clk 0:03:04]} Bg7 {[%clk 0:02:43]} 7. O-O {[%clk 0:03:03]} O-O
{[%clk 0:02:43]} 8. a3 {[%clk 0:03:03]} Rb8 {[%clk 0:02:44]} 9. Rb1
{[%clk 0:03:04]} a6 {[%clk 0:02:37]} 10. b4 {[%clk 0:03:04]} cxb4
{[%clk 0:02:33]} 11. axb4 {[%clk 0:03:04]} b5 {[%clk 0:02:30]} 12. cxb5
{[%clk 0:03:05]} axb5 {[%clk 0:02:31]} 13. d4 {[%clk 0:03:05]} Bd7
{[%clk 0:02:07]} 14. h3 {[%clk 0:02:58]} Qc8 {[%clk 0:02:00]} 15. Kh2
{[%clk 0:02:58]} e5 {[%clk 0:01:40]} 16. dxe5 {[%clk 0:02:44]} Nxe5
{[%clk 0:01:27]} 17. Qxd6 {[%clk 0:02:16]} Nc4 {[%clk 0:01:28]} 18. Qc5
{[%clk 0:02:01]} Qxc5 {[%clk 0:01:22]} 19. bxc5 {[%clk 0:02:02]} b4
{[%clk 0:01:23]} 20. Bf4 {[%clk 0:01:57]} Rbc8 {[%clk 0:00:46]} 21. Rxb4
{[%clk 0:01:28]} Rxc5 {[%clk 0:00:46]} 22. Nd5 {[%clk 0:01:18]} Nxd5
{[%clk 0:00:47]} 23. exd5 {[%clk 0:01:19]} Re8 {[%clk 0:00:35]} 24. Ng1
{[%clk 0:00:57]} Ne5 {[%clk 0:00:29]} 25. Rd1 {[%clk 0:00:46]} Bf5
{[%clk 0:00:25]} 26. Bxe5 {[%clk 0:00:43]} Bxe5 {[%clk 0:00:25]} 27. Nf3
{[%clk 0:00:40]} Bd6 {[%clk 0:00:25]} 28. Rbd4 {[%clk 0:00:39]} Rc2
{[%clk 0:00:23]} 29. R4d2 {[%clk 0:00:38]} 1/2-1/2

[Event "Wroclaw"]
[Site "?"]
[Date "2020.08.27"]
[Round "8.6"]
[White "Psyk, Radoslaw"]
[Black "Pelka, Michal"]
[Result "1-0"]
[BlackElo "1658"]
[WhiteElo "2288"]
[LiveChessVersion "1.4.8"]

1. e4 {[%clk 0:03:03]} c5 {[%clk 0:03:03]} 2. Nc3 {[%clk 0:03:03]} Nc6
{[%clk 0:03:05]} 3. Bb5 {[%clk 0:03:03]} g6 {[%clk 0:03:05]} 4. Bxc6
{[%clk 0:03:03]} dxc6 {[%clk 0:03:06]} 5. f4 {[%clk 0:03:04]} Bg7
{[%clk 0:02:30]} 6. Nf3 {[%clk 0:03:05]} Nf6 {[%clk 0:02:28]} 7. d3
{[%clk 0:03:05]} O-O {[%clk 0:02:27]} 8. O-O {[%clk 0:03:05]} b6 {[%clk 0:02:17]}
9. Qe1 {[%clk 0:03:06]} Qc7 {[%clk 0:02:04]} 10. Qh4 {[%clk 0:03:01]} h5
{[%clk 0:01:32]} 11. f5 {[%clk 0:02:37]} Ng4 {[%clk 0:01:04]} 12. h3
{[%clk 0:02:15]} Ne5 {[%clk 0:00:43]} 13. Bf4 {[%clk 0:02:08]} Nxf3+
{[%clk 0:00:38]} 14. Rxf3 {[%clk 0:02:10]} Qd8 {[%clk 0:00:28]} 15. Raf1
{[%clk 0:01:47]} a5 {[%clk 0:00:12]} 16. Bg5 {[%clk 0:01:20]} f6 {[%clk 0:00:07]}
17. Be3 {[%clk 0:01:17]} Qe8 {[%clk 0:00:06]} 18. fxg6 {[%clk 0:01:12]} Qxg6
{[%clk 0:00:08]} 19. Rg3 {[%clk 0:01:12]} Qh7 {[%clk 0:00:09]} 20. Ne2
{[%clk 0:01:05]} e5 {[%clk 0:00:10]} 21. Rxf6 {[%clk 0:00:59]} Bd7
{[%clk 0:00:08]} 22. Rh6 {[%clk 0:00:51]} 1-0

[Event "Wroclaw"]
[Site "?"]
[Date "2020.08.27"]
[Round "8.7"]
[White "Lis, Mateusz"]
[Black "Musial, Tomasz"]
[Result "1-0"]
[BlackElo "1931"]
[WhiteElo "2113"]
[LiveChessVersion "1.4.8"]

1. e4 {[%clk 0:03:03]} e6 {[%clk 0:03:04]} 2. d4 {[%clk 0:03:04]} d5
{[%clk 0:03:05]} 3. Nd2 {[%clk 0:03:05]} c5 {[%clk 0:03:06]} 4. exd5
{[%clk 0:03:02]} Qxd5 {[%clk 0:03:07]} 5. Ngf3 {[%clk 0:03:02]} cxd4
{[%clk 0:03:07]} 6. Bc4 {[%clk 0:03:03]} Qd6 {[%clk 0:03:08]} 7. O-O
{[%clk 0:02:58]} Nf6 {[%clk 0:03:09]} 8. Nb3 {[%clk 0:02:58]} Nc6
{[%clk 0:03:10]} 9. Nbxd4 {[%clk 0:02:47]} Nxd4 {[%clk 0:03:10]} 10. Nxd4
{[%clk 0:02:48]} a6 {[%clk 0:03:11]} 11. h3 {[%clk 0:02:37]} Qc7 {[%clk 0:02:59]}
12. Qe2 {[%clk 0:01:54]} Bc5 {[%clk 0:01:37]} 13. Nb3 {[%clk 0:01:19]} Bd6
{[%clk 0:01:35]} 14. Bg5 {[%clk 0:01:15]} b5 {[%clk 0:01:13]} 15. Bd3
{[%clk 0:00:49]} Nd5 {[%clk 0:00:43]} 16. c4 {[%clk 0:00:31]} bxc4
{[%clk 0:00:18]} 17. Bxc4 {[%clk 0:00:32]} O-O {[%clk 0:00:16]} 18. Rac1
{[%clk 0:00:33]} Qb8 {[%clk 0:00:11]} 19. Qe4 {[%clk 0:00:21]} Bb7
{[%clk 0:00:11]} 20. Na5 {[%clk 0:00:22]} Bc7 {[%clk 0:00:06]} 21. Nxb7
{[%clk 0:00:22]} Qxb7 {[%clk 0:00:07]} 22. Bd3 {[%clk 0:00:21]} g6
{[%clk 0:00:05]} 23. Bh6 {[%clk 0:00:19]} Rfb8 {[%clk 0:00:06]} 24. b3
{[%clk 0:00:15]} Nf6 {[%clk 0:00:06]} 25. Qh4 {[%clk 0:00:14]} Ne8
{[%clk 0:00:06]} 26. Be4 {[%clk 0:00:15]} Qb4 {[%clk 0:00:07]} 27. Rc4
{[%clk 0:00:15]} Qd6 {[%clk 0:00:05]} 28. g3 {[%clk 0:00:10]} Bd8
{[%clk 0:00:07]} 29. Qf4 {[%clk 0:00:07]} Ra7 {[%clk 0:00:04]} 30. Qc1
{[%clk 0:00:05]} Rc7 {[%clk 0:00:05]} 31. Bc6 {[%clk 0:00:05]} Nf6
{[%clk 0:00:05]} 32. Qc3 {[%clk 0:00:06]} Rbc8 {[%clk 0:00:06]} 33. Rc1
{[%clk 0:00:05]} Qe7 {[%clk 0:00:06]} 34. Bg5 {[%clk 0:00:07]} Kg7
{[%clk 0:00:07]} 35. Rf4 {[%clk 0:00:08]} Qd6 {[%clk 0:00:07]} 36. Bxf6+
{[%clk 0:00:08]} Bxf6 {[%clk 0:00:07]} 37. Qxf6+ {[%clk 0:00:09]} Kg8
{[%clk 0:00:09]} 38. Kh2 {[%clk 0:00:06]} Qd2 {[%clk 0:00:08]} 39. Rc3
{[%clk 0:00:05]} Rf8 {[%clk 0:00:07]} 40. Rfc4 {[%clk 0:00:04]} Qd6
{[%clk 0:00:07]} 41. Bg2 {[%clk 0:00:05]} Rxc4 {[%clk 0:00:08]} 42. Rxc4
{[%clk 0:00:06]} Qd2 {[%clk 0:00:08]} 43. Qd4 {[%clk 0:00:06]} Qxa2
{[%clk 0:00:08]} 44. b4 {[%clk 0:00:07]} Qa4 {[%clk 0:00:08]} 45. Rc6
{[%clk 0:00:07]} Qb5 {[%clk 0:00:08]} 46. Qc5 {[%clk 0:00:09]} Qe2
{[%clk 0:00:08]} 47. Qe3 {[%clk 0:00:08]} Qb5 {[%clk 0:00:09]} 48. Qe4
{[%clk 0:00:08]} a5 {[%clk 0:00:08]} 49. Rc5 {[%clk 0:00:09]} Qxb4
{[%clk 0:00:11]} 50. Qxb4 {[%clk 0:00:10]} axb4 51. Rb5 {[%clk 0:00:11]} Rd8
{[%clk 0:00:11]} 52. Rxb4 {[%clk 0:00:13]} Rd2 {[%clk 0:00:12]} 53. Rf4
{[%clk 0:00:14]} Kg7 {[%clk 0:00:13]} 54. Bf1 {[%clk 0:00:13]} Rd1
{[%clk 0:00:14]} 55. Be2 {[%clk 0:00:14]} Rd2 {[%clk 0:00:16]} 56. Bc4
{[%clk 0:00:15]} Rc2 {[%clk 0:00:16]} 57. Kg2 {[%clk 0:00:14]} Rd2
{[%clk 0:00:15]} 58. Bb3 {[%clk 0:00:14]} Rb2 {[%clk 0:00:16]} 59. Rb4
{[%clk 0:00:14]} Rd2 {[%clk 0:00:15]} 60. Rb7 {[%clk 0:00:15]} Rd6
{[%clk 0:00:15]} 61. h4 {[%clk 0:00:16]} h5 62. Bc4 {[%clk 0:00:07]} Kf6
{[%clk 0:00:16]} 63. Bb5 {[%clk 0:00:08]} Rd8 {[%clk 0:00:17]} 64. Kf3
{[%clk 0:00:09]} Ra8 {[%clk 0:00:17]} 65. Bc6 {[%clk 0:00:09]} Ra3+
{[%clk 0:00:19]} 66. Kf4 {[%clk 0:00:09]} Ra2 {[%clk 0:00:11]} 67. Be8
{[%clk 0:00:05]} Rxf2+ {[%clk 0:00:12]} 68. Ke3 {[%clk 0:00:06]} Ra2
{[%clk 0:00:12]} 69. Rxf7+ {[%clk 0:00:07]} Ke5 {[%clk 0:00:13]} 70. Rg7
{[%clk 0:00:06]} Ra3+ {[%clk 0:00:15]} 71. Kf2 {[%clk 0:00:07]} Ra2+
{[%clk 0:00:13]} 72. Kf3 {[%clk 0:00:08]} Ra3+ {[%clk 0:00:15]} 73. Kg2
{[%clk 0:00:09]} Kd4 {[%clk 0:00:13]} 74. Bxg6 {[%clk 0:00:09]} e5
{[%clk 0:00:14]} 75. Rd7+ {[%clk 0:00:09]} Ke3 {[%clk 0:00:15]} 76. Bxh5
{[%clk 0:00:10]} Ra2+ {[%clk 0:00:16]} 77. Kh3 {[%clk 0:00:11]} e4
{[%clk 0:00:16]} 78. Re7 {[%clk 0:00:11]} Kd4 {[%clk 0:00:17]} 79. Bg6
{[%clk 0:00:12]} e3 80. Re4+ Kd5 1-0

[Event "Wroclaw"]
[Site "?"]
[Date "2020.08.27"]
[Round "8.8"]
[White "Lambrecht, Tomasz"]
[Black "Nowak, Mikolaj"]
[Result "0-1"]
[BlackElo "1875"]
[WhiteElo "1487"]
[LiveChessVersion "1.4.8"]

1. d4 {[%clk 0:03:01]} Nf6 {[%clk 0:03:03]} 2. c4 {[%clk 0:03:03]} c5
{[%clk 0:03:04]} 3. d5 {[%clk 0:03:04]} e6 {[%clk 0:03:06]} 4. Nc3
{[%clk 0:03:01]} exd5 {[%clk 0:03:06]} 5. cxd5 {[%clk 0:03:03]} d6
{[%clk 0:03:08]} 6. Nf3 {[%clk 0:03:01]} Be7 {[%clk 0:03:09]} 7. Nd2
{[%clk 0:02:58]} O-O {[%clk 0:03:08]} 8. e4 {[%clk 0:02:50]} Re8 {[%clk 0:03:09]}
9. Bd3 {[%clk 0:02:34]} Na6 {[%clk 0:03:09]} 10. O-O {[%clk 0:02:26]} Bf8
{[%clk 0:03:08]} 11. Nc4 {[%clk 0:02:12]} Rb8 {[%clk 0:02:44]} 12. a4
{[%clk 0:02:10]} Nb4 {[%clk 0:02:44]} 13. Bb1 {[%clk 0:01:53]} b6
{[%clk 0:02:32]} 14. Re1 {[%clk 0:01:54]} a6 {[%clk 0:02:08]} 15. Bf4
{[%clk 0:01:35]} Bb7 {[%clk 0:01:29]} 16. Bd3 {[%clk 0:01:13]} Nfxd5
{[%clk 0:00:57]} 17. exd5 {[%clk 0:00:55]} Rxe1+ {[%clk 0:00:57]} 18. Qxe1
{[%clk 0:00:56]} Nxd3 {[%clk 0:00:55]} 19. Qd2 {[%clk 0:00:54]} Nxf4
{[%clk 0:00:49]} 20. Qxf4 {[%clk 0:00:55]} Ba8 {[%clk 0:00:38]} 21. Re1
{[%clk 0:00:38]} b5 {[%clk 0:00:39]} 22. axb5 {[%clk 0:00:37]} axb5
{[%clk 0:00:40]} 23. Ne3 {[%clk 0:00:38]} Qd7 {[%clk 0:00:18]} 24. Kf1
{[%clk 0:00:27]} Re8 {[%clk 0:00:18]} 25. Ne4 {[%clk 0:00:14]} Bb7
{[%clk 0:00:14]} 26. h3 {[%clk 0:00:08]} f6 {[%clk 0:00:10]} 27. Ng3
{[%clk 0:00:08]} Re5 {[%clk 0:00:08]} 28. Ngf5 {[%clk 0:00:04]} g6
{[%clk 0:00:08]} 29. Nh6+ {[%clk 0:00:05]} Bxh6 30. Qxh6 {[%clk 0:00:06]} Qe7
{[%clk 0:00:08]} 31. Qf4 {[%clk 0:00:04]} Bxd5 {[%clk 0:00:08]} 32. Qg4
{[%clk 0:00:04]} Be6 {[%clk 0:00:08]} 33. Qf3 {[%clk 0:00:05]} Bc4+
{[%clk 0:00:09]} 34. Kg1 {[%clk 0:00:06]} Bf7 {[%clk 0:00:09]} 35. Qa8+
{[%clk 0:00:07]} Kg7 {[%clk 0:00:10]} 36. Qb8 {[%clk 0:00:08]} b4
{[%clk 0:00:10]} 37. Rd1 {[%clk 0:00:09]} d5 {[%clk 0:00:10]} 38. Qc8
{[%clk 0:00:05]} d4 {[%clk 0:00:10]} 39. Ng4 {[%clk 0:00:04]} Re1+ 40. Rxe1 Qxe1+
{[%clk 0:00:11]} 41. Kh2 {[%clk 0:00:07]} Qe7 {[%clk 0:00:10]} 42. f4
{[%clk 0:00:06]} Be6 {[%clk 0:00:09]} 0-1

[Event "Wroclaw"]
[Site "?"]
[Date "2020.08.27"]
[Round "8.9"]
[White "Kozlowski, Pawel"]
[Black "Cichon, Jakub"]
[Result "0-1"]
[BlackElo "1531"]
[WhiteElo "1900"]
[LiveChessVersion "1.4.8"]

1. f4 {[%clk 0:03:03]} d5 {[%clk 0:03:03]} 2. Nf3 {[%clk 0:03:04]} c5
{[%clk 0:03:01]} 3. b3 {[%clk 0:03:05]} Nc6 {[%clk 0:03:02]} 4. e3
{[%clk 0:03:06]} e6 {[%clk 0:02:59]} 5. Bb5 {[%clk 0:03:07]} Bd7 {[%clk 0:02:56]}
6. Bb2 {[%clk 0:03:08]} Nf6 {[%clk 0:02:54]} 7. O-O {[%clk 0:03:08]} Bd6
{[%clk 0:02:41]} 8. Bxc6 {[%clk 0:03:04]} Bxc6 {[%clk 0:02:36]} 9. Qe1
{[%clk 0:03:04]} Qc7 {[%clk 0:02:26]} 10. d3 {[%clk 0:03:03]} h5 {[%clk 0:02:19]}
11. c4 {[%clk 0:03:00]} O-O-O {[%clk 0:02:01]} 12. Ne5 {[%clk 0:02:58]} Bxe5
{[%clk 0:01:56]} 13. Bxe5 {[%clk 0:02:40]} Qe7 {[%clk 0:01:50]} 14. d4
{[%clk 0:02:19]} Ng4 {[%clk 0:01:37]} 15. cxd5 {[%clk 0:02:01]} exd5
{[%clk 0:01:21]} 16. dxc5 {[%clk 0:00:46]} Nxe5 {[%clk 0:01:20]} 17. fxe5
{[%clk 0:00:47]} Qxe5 {[%clk 0:01:19]} 18. Nd2 {[%clk 0:00:26]} f6
{[%clk 0:01:16]} 19. Nf3 {[%clk 0:00:25]} Qe7 {[%clk 0:01:10]} 20. Nd4
{[%clk 0:00:17]} Rde8 {[%clk 0:00:50]} 21. Rf3 {[%clk 0:00:18]} g5
{[%clk 0:00:44]} 22. Rc1 {[%clk 0:00:10]} g4 {[%clk 0:00:41]} 23. Rf5
{[%clk 0:00:11]} Qxe3+ {[%clk 0:00:27]} 24. Qxe3 {[%clk 0:00:12]} Rxe3
{[%clk 0:00:28]} 25. Rxf6 {[%clk 0:00:12]} Rhe8 {[%clk 0:00:19]} 26. Nxc6
{[%clk 0:00:11]} bxc6 {[%clk 0:00:20]} 27. Rxc6+ {[%clk 0:00:10]} Kb7
{[%clk 0:00:22]} 28. Rd6 {[%clk 0:00:10]} Re1+ {[%clk 0:00:22]} 29. Rxe1
{[%clk 0:00:12]} Rxe1+ {[%clk 0:00:23]} 30. Kf2 {[%clk 0:00:13]} Ra1
{[%clk 0:00:24]} 31. Rxd5 {[%clk 0:00:11]} Rxa2+ 32. Kg3 Kc6 {[%clk 0:00:19]} 33.
Rxh5 {[%clk 0:00:13]} Rb2 {[%clk 0:00:19]} 34. Kxg4 {[%clk 0:00:09]} Rxb3
{[%clk 0:00:20]} 35. Rf5 {[%clk 0:00:05]} Rb2 {[%clk 0:00:20]} 36. Kh3
{[%clk 0:00:05]} a5 {[%clk 0:00:19]} 37. g4 {[%clk 0:00:04]} a4 {[%clk 0:00:16]}
38. Rf4 {[%clk 0:00:04]} Rb3+ {[%clk 0:00:16]} 39. Kh4 {[%clk 0:00:05]} a3
{[%clk 0:00:14]} 40. Ra4 {[%clk 0:00:07]} Kxc5 {[%clk 0:00:15]} 41. g5
{[%clk 0:00:08]} Rb4+ {[%clk 0:00:16]} 42. Rxb4 {[%clk 0:00:09]} Kxb4
{[%clk 0:00:17]} 43. g6 {[%clk 0:00:10]} a2 {[%clk 0:00:18]} 44. g7
{[%clk 0:00:11]} a1=Q {[%clk 0:00:19]} 45. g8=Q {[%clk 0:00:12]} Qe1+
{[%clk 0:00:09]} 46. Qg3 {[%clk 0:00:11]} Qe7+ {[%clk 0:00:09]} 47. Qg5
{[%clk 0:00:12]} Qe1+ {[%clk 0:00:08]} 48. Kh5 {[%clk 0:00:11]} Qe8+
{[%clk 0:00:04]} 49. Kg4 {[%clk 0:00:11]} Qe2+ {[%clk 0:00:06]} 50. Kh3
{[%clk 0:00:09]} Qf1+ {[%clk 0:00:06]} 51. Kh4 {[%clk 0:00:09]} Qf2+
{[%clk 0:00:06]} 52. Qg3 {[%clk 0:00:09]} Qf6+ {[%clk 0:00:08]} 53. Kg4
{[%clk 0:00:09]} Qg7+ {[%clk 0:00:08]} 54. Kf5 {[%clk 0:00:09]} Qf7+
{[%clk 0:00:07]} 55. Ke4 {[%clk 0:00:09]} Qe6+ {[%clk 0:00:07]} 56. Kf3
{[%clk 0:00:10]} Kb5 {[%clk 0:00:07]} 57. Qg5+ {[%clk 0:00:10]} Kc6
{[%clk 0:00:07]} 58. h4 {[%clk 0:00:11]} Qf7+ {[%clk 0:00:06]} 59. Kg4
{[%clk 0:00:13]} Qc4+ {[%clk 0:00:07]} 60. Qf4 {[%clk 0:00:13]} Qg8+
{[%clk 0:00:08]} 61. Kf5 {[%clk 0:00:13]} Qh7+ {[%clk 0:00:08]} 62. Kg4
{[%clk 0:00:14]} Qg8+ {[%clk 0:00:09]} 63. Qg5 {[%clk 0:00:15]} Qc4+
{[%clk 0:00:10]} 64. Kg3 {[%clk 0:00:16]} Qd3+ {[%clk 0:00:10]} 65. Kf4
{[%clk 0:00:17]} Qd4+ {[%clk 0:00:09]} 66. Kf5 {[%clk 0:00:18]} Qd5+
{[%clk 0:00:09]} 67. Kg6 {[%clk 0:00:18]} Qg8+ {[%clk 0:00:10]} 68. Kf6
{[%clk 0:00:18]} Qd8+ {[%clk 0:00:10]} 69. Kg7 {[%clk 0:00:18]} Qd3
{[%clk 0:00:03]} 70. h5 {[%clk 0:00:18]} Kd7 {[%clk 0:00:03]} 71. h6
{[%clk 0:00:18]} Qc3+ {[%clk 0:00:03]} 72. Qf6 {[%clk 0:00:18]} Qg3+
{[%clk 0:00:03]} 73. Kf7 {[%clk 0:00:18]} Qh3 {[%clk 0:00:04]} 74. Kg7
{[%clk 0:00:17]} Qg4+ {[%clk 0:00:05]} 75. Qg6 {[%clk 0:00:18]} Qh3
{[%clk 0:00:04]} 76. h7 {[%clk 0:00:19]} Ke7 {[%clk 0:00:04]} 77. h8=Q
{[%clk 0:00:18]} Qc3+ {[%clk 0:00:04]} 78. Kh7 {[%clk 0:00:19]} Qh3+
{[%clk 0:00:05]} 79. Kg8 {[%clk 0:00:19]} Qc8+ {[%clk 0:00:05]} 80. Kg7
{[%clk 0:00:19]} Qc3+ {[%clk 0:00:07]} 81. Kh6 {[%clk 0:00:20]} Qh3+
{[%clk 0:00:08]} 82. Qh5 {[%clk 0:00:20]} Qe6+ {[%clk 0:00:08]} 83. Kg5
{[%clk 0:00:20]} Qe5+ {[%clk 0:00:09]} 84. Qxe5+ {[%clk 0:00:21]} 0-1

[Event "Wroclaw"]
[Site "?"]
[Date "2020.08.27"]
[Round "8.10"]
[White "Posluszny, Tomasz"]
[Black "Kozak, Antoni"]
[Result "0-1"]
[BlackElo "2320"]
[WhiteElo "1786"]
[LiveChessVersion "1.4.8"]

1. d4 {[%clk 0:03:03]} d5 {[%clk 0:03:03]} 2. c4 {[%clk 0:03:05]} e6
{[%clk 0:03:05]} 3. Nc3 {[%clk 0:03:06]} c6 {[%clk 0:03:06]} 4. Nf3
{[%clk 0:03:01]} Nf6 {[%clk 0:03:07]} 5. Qd3 {[%clk 0:03:01]} dxc4
{[%clk 0:03:07]} 6. Qxc4 {[%clk 0:03:02]} b5 {[%clk 0:03:08]} 7. Qd3
{[%clk 0:03:00]} a6 {[%clk 0:03:10]} 8. e4 {[%clk 0:03:00]} c5 {[%clk 0:03:11]}
9. Bg5 {[%clk 0:02:46]} h6 {[%clk 0:02:43]} 10. Bh4 {[%clk 0:02:45]} Bb7
{[%clk 0:02:34]} 11. e5 {[%clk 0:02:30]} g5 {[%clk 0:02:35]} 12. Nxg5
{[%clk 0:02:18]} hxg5 {[%clk 0:02:33]} 13. Bxg5 {[%clk 0:02:19]} Nbd7
{[%clk 0:02:31]} 14. exf6 {[%clk 0:02:12]} cxd4 {[%clk 0:02:27]} 15. Qxd4
{[%clk 0:02:02]} Bc5 {[%clk 0:02:28]} 16. Qd2 {[%clk 0:01:59]} Qc7
{[%clk 0:01:56]} 17. Be3 {[%clk 0:01:43]} O-O-O {[%clk 0:01:40]} 18. Bxc5
{[%clk 0:01:34]} Nxc5 {[%clk 0:01:41]} 19. Qe3 {[%clk 0:01:34]} Rh5
{[%clk 0:01:28]} 20. f4 {[%clk 0:01:36]} b4 {[%clk 0:01:15]} 21. Be2
{[%clk 0:01:26]} Rf5 {[%clk 0:01:08]} 22. Rc1 {[%clk 0:01:08]} Kb8
{[%clk 0:00:43]} 23. Na4 {[%clk 0:00:52]} Nd3+ {[%clk 0:00:42]} 24. Bxd3
{[%clk 0:00:51]} Rxd3 {[%clk 0:00:44]} 25. Rxc7 {[%clk 0:00:38]} Rxe3+
{[%clk 0:00:44]} 26. Kd2 {[%clk 0:00:35]} Kxc7 27. Kxe3 {[%clk 0:00:35]} Bxg2
{[%clk 0:00:39]} 28. Rc1+ {[%clk 0:00:34]} Bc6 {[%clk 0:00:35]} 29. Nc5
{[%clk 0:00:33]} a5 {[%clk 0:00:23]} 30. Ne4 {[%clk 0:00:28]} Kb6
{[%clk 0:00:13]} 31. Rg1 {[%clk 0:00:22]} Bxe4 32. Kxe4 {[%clk 0:00:23]} Rxf6
{[%clk 0:00:13]} 33. h4 {[%clk 0:00:22]} Rh6 {[%clk 0:00:12]} 34. Rh1
{[%clk 0:00:21]} Kc5 {[%clk 0:00:12]} 35. h5 {[%clk 0:00:18]} Kd6
{[%clk 0:00:11]} 36. f5 {[%clk 0:00:16]} Ke7 {[%clk 0:00:12]} 37. fxe6
{[%clk 0:00:15]} Kxe6 {[%clk 0:00:13]} 38. b3 {[%clk 0:00:09]} Kf6
{[%clk 0:00:11]} 39. Kf4 {[%clk 0:00:11]} Kg7 {[%clk 0:00:12]} 40. Kg5
{[%clk 0:00:11]} Rd6 {[%clk 0:00:13]} 41. h6+ {[%clk 0:00:10]} Kh7
{[%clk 0:00:14]} 42. Rf1 {[%clk 0:00:09]} Rd5+ {[%clk 0:00:16]} 43. Kg4
{[%clk 0:00:09]} Kg6 {[%clk 0:00:13]} 44. h7 {[%clk 0:00:06]} Rd8
{[%clk 0:00:13]} 45. Rh1 {[%clk 0:00:06]} Rh8 {[%clk 0:00:15]} 46. Kf4
{[%clk 0:00:06]} Rxh7 {[%clk 0:00:15]} 47. Rg1+ {[%clk 0:00:08]} Kf6
{[%clk 0:00:16]} 48. Rc1 {[%clk 0:00:08]} Rh4+ {[%clk 0:00:17]} 49. Ke3
{[%clk 0:00:09]} Rh2 {[%clk 0:00:18]} 50. Rc6+ {[%clk 0:00:10]} Kg7
{[%clk 0:00:19]} 51. Kd4 {[%clk 0:00:07]} Rxa2 52. Kd5 {[%clk 0:00:06]} Rb2
{[%clk 0:00:19]} 53. Ra6 {[%clk 0:00:07]} Rxb3 {[%clk 0:00:21]} 54. Rxa5 Rb1
{[%clk 0:00:22]} 55. Rb5 {[%clk 0:00:08]} b3 {[%clk 0:00:23]} 56. Ke4
{[%clk 0:00:09]} b2 {[%clk 0:00:24]} 0-1

[Event "Wroclaw"]
[Site "?"]
[Date "2020.08.27"]
[Round "8.11"]
[White "Fus, Jakub"]
[Black "Maciejewski, Kamil"]
[Result "1-0"]
[BlackElo "1666"]
[WhiteElo "2113"]
[LiveChessVersion "1.4.8"]

1. d4 {[%clk 0:03:02]} Nf6 {[%clk 0:03:02]} 2. Nf3 {[%clk 0:03:03]} e6
{[%clk 0:03:03]} 3. c4 {[%clk 0:03:03]} b6 {[%clk 0:03:04]} 4. a3
{[%clk 0:03:00]} Bb7 {[%clk 0:03:03]} 5. Nc3 {[%clk 0:03:00]} d5 {[%clk 0:02:58]}
6. Bg5 {[%clk 0:03:00]} Be7 {[%clk 0:02:44]} 7. Qa4+ {[%clk 0:03:00]} Bc6
{[%clk 0:02:19]} 8. Qc2 {[%clk 0:03:00]} h6 {[%clk 0:01:58]} 9. Bh4
{[%clk 0:02:51]} Ne4 {[%clk 0:01:30]} 10. Bxe7 {[%clk 0:02:48]} Qxe7
{[%clk 0:01:30]} 11. e3 {[%clk 0:02:47]} Bb7 {[%clk 0:01:15]} 12. Nxe4
{[%clk 0:02:37]} dxe4 {[%clk 0:01:14]} 13. Nd2 {[%clk 0:02:37]} f5
{[%clk 0:01:06]} 14. Be2 {[%clk 0:02:38]} O-O {[%clk 0:01:05]} 15. Rc1
{[%clk 0:02:39]} Nd7 {[%clk 0:01:02]} 16. O-O {[%clk 0:02:30]} Rfd8
{[%clk 0:00:58]} 17. Qc3 {[%clk 0:02:18]} e5 {[%clk 0:00:46]} 18. Nb3
{[%clk 0:02:07]} exd4 {[%clk 0:00:34]} 19. Nxd4 {[%clk 0:02:03]} Qf6
{[%clk 0:00:30]} 20. Nb5 {[%clk 0:01:43]} Qxc3 {[%clk 0:00:20]} 21. Rxc3
{[%clk 0:01:43]} Rdc8 {[%clk 0:00:06]} 22. Rd1 {[%clk 0:01:38]} Ne5
{[%clk 0:00:07]} 23. c5 {[%clk 0:01:35]} a6 {[%clk 0:00:05]} 24. Nd4
{[%clk 0:01:36]} bxc5 {[%clk 0:00:03]} 25. Rxc5 {[%clk 0:01:36]} Nf7
{[%clk 0:00:03]} 26. Nxf5 {[%clk 0:01:35]} Rd8 {[%clk 0:00:04]} 27. Rxd8+
{[%clk 0:01:22]} Rxd8 {[%clk 0:00:05]} 28. Rxc7 {[%clk 0:01:23]} Rd2
{[%clk 0:00:04]} 29. Rxb7 {[%clk 0:01:15]} Rxe2 {[%clk 0:00:04]} 30. h3
{[%clk 0:01:16]} Rc2 {[%clk 0:00:04]} 31. h4 {[%clk 0:01:07]} g6 {[%clk 0:00:05]}
32. Nd4 {[%clk 0:01:04]} Rc1+ {[%clk 0:00:05]} 33. Kh2 {[%clk 0:01:05]} Rb1
{[%clk 0:00:04]} 34. b3 {[%clk 0:01:00]} Kg7 {[%clk 0:00:03]} 35. Rb6
{[%clk 0:00:58]} a5 {[%clk 0:00:04]} 36. Ra6 {[%clk 0:00:58]} Kg8
{[%clk 0:03:02]} 1-0

[Event "Wroclaw"]
[Site "?"]
[Date "2020.08.27"]
[Round "9.1"]
[White "Teclaf, Pawel"]
[Black "Psyk, Radoslaw"]
[Result "1/2-1/2"]
[BlackElo "2288"]
[WhiteElo "2383"]
[LiveChessVersion "1.4.8"]

1. Nf3 {[%clk 0:03:01]} d5 {[%clk 0:03:03]} 2. b3 {[%clk 0:03:01]} Bg4
{[%clk 0:02:48]} 3. Bb2 {[%clk 0:03:00]} Nd7 {[%clk 0:02:48]} 4. g3
{[%clk 0:03:01]} Bxf3 {[%clk 0:02:44]} 5. exf3 {[%clk 0:03:02]} c6
{[%clk 0:02:39]} 6. f4 {[%clk 0:03:01]} e6 {[%clk 0:02:37]} 7. Bg2
{[%clk 0:02:51]} Ngf6 {[%clk 0:02:38]} 8. O-O {[%clk 0:02:51]} Bd6
{[%clk 0:02:39]} 9. d3 {[%clk 0:02:47]} Qc7 {[%clk 0:02:35]} 10. f5
{[%clk 0:02:41]} e5 {[%clk 0:02:31]} 11. c4 d4 {[%clk 0:02:14]} 12. Nd2
{[%clk 0:02:35]} a5 {[%clk 0:02:08]} 13. a3 {[%clk 0:02:36]} O-O {[%clk 0:02:04]}
14. g4 {[%clk 0:02:37]} h6 {[%clk 0:02:03]} 15. h4 {[%clk 0:02:38]} Nh7
{[%clk 0:01:57]} 16. Qf3 {[%clk 0:02:29]} Be7 {[%clk 0:01:56]} 17. Qg3
{[%clk 0:02:25]} Qd8 {[%clk 0:01:55]} 18. Nf3 {[%clk 0:02:18]} Nc5
{[%clk 0:01:50]} 19. Qxe5 {[%clk 0:01:33]} Nxd3 {[%clk 0:01:50]} 20. Qxd4
{[%clk 0:01:34]} Nxb2 {[%clk 0:01:51]} 21. Qxb2 Bxh4 {[%clk 0:01:40]} 22. Rad1
{[%clk 0:01:29]} Bf6 {[%clk 0:01:27]} 23. Qc2 {[%clk 0:01:09]} Qc7
{[%clk 0:01:26]} 24. Nd2 {[%clk 0:00:51]} Be5 {[%clk 0:01:09]} 25. Ne4
{[%clk 0:00:51]} Rad8 {[%clk 0:01:03]} 26. Qc1 {[%clk 0:00:35]} Bf4
{[%clk 0:01:03]} 27. Qc3 {[%clk 0:00:35]} Ng5 {[%clk 0:00:56]} 28. Nxg5
{[%clk 0:00:33]} Bxg5 {[%clk 0:00:54]} 29. Bf3 {[%clk 0:00:32]} Qf4
{[%clk 0:00:48]} 30. Kg2 {[%clk 0:00:15]} Bf6 {[%clk 0:00:48]} 31. Qe3
{[%clk 0:00:14]} 1/2-1/2